Основы теории изучаемого языка. Теоретическая грамматика: электронный курс
| Hovedforfatter: | |
|---|---|
| Institution som forfatter: | |
| Andre forfattere: | |
| Summary: | Заглавие с экрана В курсе «Теоретическая грамматика» комплексно описывается грамматический строй английского языка и дается обобщающее введение в проблематику и методику научно-грамматического анализа языкового материала. Особенностью курса является интегративное представление морфологии и синтаксиса как единой системы речеобразования. Таким образом, данный курс позволяет обучающимся увидеть явления языка в их целостности, взаимосвязи и взаимообусловленности в проекции построения целостного текста. Доступ по логину и паролю |
| Sprog: | russisk |
| Udgivet: |
Томск, TPU Moodle, 2017
|
| Fag: | |
| Online adgang: | https://design.lms.tpu.ru/course/view.php?id=2187 |
| Format: | MixedMaterials Electronisk Bog |
| KOHA link: | https://koha.lib.tpu.ru/cgi-bin/koha/opac-detail.pl?biblionumber=665951 |
MARC
| LEADER | 00000nlm0a2200000 4500 | ||
|---|---|---|---|
| 001 | 665951 | ||
| 005 | 20240206095118.0 | ||
| 035 | |a (RuTPU)RU\TPU\network\37155 | ||
| 035 | |a RU\TPU\network\37153 | ||
| 090 | |a 665951 | ||
| 100 | |a 20211124d2017 m y0rusy50 ca | ||
| 101 | 0 | |a rus | |
| 102 | |a RU | ||
| 105 | |a a j 000zy | ||
| 135 | |a jrcn ---uucaa | ||
| 181 | 0 | |a i | |
| 182 | 0 | |a b | |
| 200 | 1 | |a Основы теории изучаемого языка. Теоретическая грамматика |e электронный курс |f А. Б. Стрельникова, Т. В. Артамонова |g Национальный исследовательский Томский политехнический университет. Институт природных ресурсов. Кафедра иностранных языков | |
| 203 | |a Текст |c электронный | ||
| 210 | |a Томск |c TPU Moodle |d 2017 | ||
| 300 | |a Заглавие с экрана | ||
| 330 | |a В курсе «Теоретическая грамматика» комплексно описывается грамматический строй английского языка и дается обобщающее введение в проблематику и методику научно-грамматического анализа языкового материала. Особенностью курса является интегративное представление морфологии и синтаксиса как единой системы речеобразования. Таким образом, данный курс позволяет обучающимся увидеть явления языка в их целостности, взаимосвязи и взаимообусловленности в проекции построения целостного текста. | ||
| 333 | |a Доступ по логину и паролю | ||
| 606 | 1 | |a Английский язык |x Учебные руководства и пособия для высшей школы |x Пособия по грамматике |2 stltpush |3 (RuTPU)RU\TPU\subj\29073 |9 52485 | |
| 610 | 1 | |a электронный ресурс | |
| 610 | 1 | |a труды учёных ТПУ | |
| 610 | 1 | |a электронное обучение | |
| 610 | 1 | |a электронные курсы ТПУ | |
| 610 | 1 | |a электронные учебные пособия | |
| 610 | 1 | |a учебные пособия | |
| 686 | |a Ш143.21-923.2 |2 rubbk | ||
| 700 | 1 | |a Стрельникова |b А. Б. |c лингвист |c доцент Томского политехнического университета, кандидат филологических наук |f 1981- |g Анна Борисовна |3 (RuTPU)RU\TPU\pers\28874 |9 13620 | |
| 701 | 1 | |a Артамонова |b Т. В. |c лингвист |c старший лаборант Томского политехнического университета |f 1965- |g Татьяна Викторовна |3 (RuTPU)RU\TPU\pers\37598 | |
| 712 | 0 | 2 | |a Национальный исследовательский Томский политехнический университет |b Институт природных ресурсов |b Кафедра иностранных языков |3 (RuTPU)RU\TPU\col\18662 |
| 801 | 2 | |a RU |b 63413507 |c 20220606 |g RCR | |
| 856 | 4 | |u https://design.lms.tpu.ru/course/view.php?id=2187 | |
| 942 | |c CF | ||